000
00302nam a22001337a 4500
008
170201b xxu||||| |||| 00| 0 eng d
020
_a
9780071402552
041
_a
eng
080
_2
10TH
_a
61
100
_a
3
101
_a
SHM
245
_a
CLINICIAN'S POCKET REFERENCE
_c
GOMELLA, L.G
942
_2
udc
_c
BK
999
_c
4205
_d
4205